Quizzes
Events
Quiz Creation
Community
Videos
Private Events
Remove Ads
Sign In
Join for FREE
Feedback
Dark Mode
Quiz Categories
Sports
Geography
Music
Movies
Television
Just For Fun
Miscellaneous
History
Literature
Language
Science
Gaming
Entertainment
Religion
Holiday
For Kids
Quiz Lab
Recent
Popular Today
Quiz Kudos Today
Editor Picks
Curator Picks
Quizzes by...
Day
Popularity
Type
Ratings
Length
Year
Community
Subscriptions
Recent Discussions
Orange Saloon
Badges
Playlists
Quests
Create
Leaderboards
Showdown
Live 5
Trivia Bingo
Activity
Puzzle Library
Sporcle Events
Private Events
Virtual Trivia
Globe League
Become a Host
Pub Owners
SporcleCon
Opinionation
Our Games
Videos
Blog
Mobile Apps
Partnerships
Remove Ads and Go Orange
Feedback
Sports
Athletes
MLB
NBA
NHL
NFL
Soccer
Sports Teams
WWE
NCAA
Football
Premier League
Basketball
Baseball
Hockey
Golf
Tennis
Cricket
Rugby
Auto Racing
Olympics
World Cup
Sports
Athletes
MLB
NBA
NHL
NFL
Soccer
Sports Teams
WWE
NCAA
Football
Premier League
Basketball
Baseball
Hockey
Golf
Tennis
Cricket
Rugby
Auto Racing
Olympics
World Cup
Random Quiz
Search Sporcle
×
Quiz Lab
Quiz Lab
Sports
Brazil
Type in answers that appear in a list
Type in answers that appear in a list
Classic
Best Score? Go Orange.
Brazilian Players in Champions League SemiFinals Stats
Can you name the Brazilian Players in Champions League SemiFinals?
By
NankerPhelge62
15m
119 Questions
886 Plays
886 Plays
886 Plays
Comments
Comments
Give Quiz Kudos
Give Quiz Kudos
-
- Ratings
hide this ad
Replay
Link that replays current quiz
Next Quiz
Link to next quiz in quiz playlist
You Got
0%
They Got
Avg Score
71%
Avg Friend Score
Upgrade to see
Score Distribution
Jump to the score distribution portion of the page
Score
0/119
Timer
15:00
0
Plays Today
Hint
Answer
% Correct
2003
Ronaldo
95.3%
2006
Ronaldinho
94.2%
2005
Kakà
94.1%
2006
Kakà
94.1%
2007
Kakà
94.1%
2011
Kakà
94.1%
2012
Kakà
94.1%
2013
Kakà
94.1%
2011
Marcelo
93.7%
2012
Marcelo
93.7%
2015
Marcelo
93.7%
2016
Marcelo
93.7%
2017
Marcelo
93.6%
2018
Marcelo
93.4%
1998
Roberto Carlos
92.6%
2000
Roberto Carlos
92.6%
2001
Roberto Carlos
92.6%
2002
Roberto Carlos
92.6%
2003
Roberto Carlos
92.6%
2009
Daniel Alves
91.3%
2010
Daniel Alves
91.3%
2011
Daniel Alves
91.3%
2012
Daniel Alves
91.3%
2013
Daniel Alves
91.3%
2015
Daniel Alves
91.3%
2017
Daniel Alves
91%
2000
Rivaldo
90.2%
2003
Rivaldo
90.2%
2018
Casemiro
90.2%
2017
Casemiro
89.6%
2015
Neymar
89.5%
2014
Casemiro
87.7%
2016
Casemiro
87.7%
2006
Gilberto Silva
87.2%
2002
Lucio
86.3%
2010
Lucio
86.3%
2005
Cafù
86.2%
2006
Cafù
86.2%
2007
Cafù
86.2%
2016
Douglas Costa
85.4%
Hint
Answer
% Correct
2016
Fernandinho
84.1%
2014
David Luiz
83.6%
2017
Alex Sandro
83.6%
2018
Roberto Firmino
83.4%
1994
Romario
83.1%
2014
Filipe Luis
82.6%
2016
Filipe Luis
82.6%
2009
Anderson
82.5%
2011
Anderson
82.5%
2004
Mauro Silva
82.2%
2017
Filipe Luis
82.2%
2003
Dida
81.4%
2005
Dida
81.4%
2006
Dida
81.4%
2007
Dida
81.4%
2010
Julio César
80.1%
1998
Julio César
80%
2000
Julio César
80%
2010
Maicon
79.2%
2012
Ramires
78.7%
2013
Dante
78.7%
2014
Ramires
78.7%
2014
Dante
78.7%
2001
Fabio Aurelio
75.4%
2008
Fabio Aurelio
75.4%
2018
Rafinha
75.2%
2013
Rafinha
75.1%
2014
Rafinha
75.1%
2015
Rafinha
75.1%
2015
Rafinha
75.1%
2009
Rafael
74.8%
2011
Rafael
74.8%
2017
Fabinho
73.2%
2014
Willian
73.1%
2002
Fabio Rochemback
73%
2005
Alex
72.6%
2009
Alex
72.6%
2011
Fabio
71.2%
2012
Adriano Correia
70.3%
2013
Adriano Correia
70.3%
Hint
Answer
% Correct
2000
Giovane Elber
69.9%
2001
Giovane Elber
69.9%
2018
Alisson Becker
69.3%
2018
Juan Jesus
68.5%
2006
Juliano Belletti
68.4%
2009
Juliano Belletti
68.4%
2002
Zé Roberto
67.8%
2006
Edmilson
67.8%
2016
Fernando
66.8%
2003
Serginho
62.6%
2005
Serginho
62.6%
2006
Serginho
62.6%
2014
Joao Miranda
60.8%
2012
Luiz Gustavo
59.9%
2013
Luiz Gustavo
59.9%
1995
Raï
58.2%
2009
Sylvinho
57.6%
2004
Carlos Alberto
56.8%
2010
Maxwell
55.9%
1995
Ricardo Gomes
50%
2000
Bortolini Savio
48.4%
2001
Bortolini Savio
48.4%
2005
Robert
46.8%
2010
Cris
46.7%
2014
Diego
44.7%
2013
Felipe Santana
44.5%
2000
Paulo Sergio
44.4%
2001
Paulo Sergio
44.4%
2004
Derlei
44.1%
2002
Flavio Conçeiçao
43.1%
2003
Flavio Conçeiçao
43.1%
2005
Heurelho Gomes
42.2%
2010
Michel Bastos
37.1%
2017
Jemerson
35.7%
2010
Ederson
35.2%
2002
Geovanni
27%
2011
Edù
25.5%
1995
Valdo
18.5%
1994
Aloisio
10%
Quiz Playlist
Details
Report
Send in Message
Add To Playlist
Classic:
Type in answers that appear in a list
Last Updated: May 4, 2017
Quiz Scoreboard
CHALLENGE
Sign Up to Join the Scoreboard
Show All
Scores
Hide
Comments
May contain spoilers
Recently Published
1-10 Letter E Words III
by El_Dandy
Language
2m
One Thing in Common: World Cities II
by knightlancer
Geography
7m
Popular People in 1961
by mucciniale
History
6m
More to Explore
Quiz From the Vault
Featured Blog Post
Where Did the Easter Bunny Come From?
hide this ad
You Might Also Like...
Tags
Brazil
Semi Final
UEFA Champions' League
Today's Top Quizzes in Sports
Browse Sports
hide this ad
Today's Top Quizzes in Brazil
Browse Brazil
Top Contributed Quizzes in Sports
1
2022 World Cup Stars
2
Les entraîneurs de l'OM et du PSG au 21e siècle
3
FIFA Club World Cup Champions
4
Criteria MLB: Left Handed Sluggers
5
Les meilleurs buteurs des matchs entre le PSG et l’OM
6
Name the Premier League winners with different clubs
7
Players with Multiple 50 Home Run Seasons
8
MLB Players with Two .350 Batting Average Seasons
9
La finale Lions - Afrique du Sud 2021
10
MLB Hall of Famer by Rings
Explore More
Trending Topics
Crossword
Disney
Harry Potter
NBA
Kpop
Marvel
Anime
The Office
NFL
Soccer
Song
WWE
Country
Pokémon
Puzzle
hide this ad
More By:
NankerPhelge62
Quiz
Plays
Rating
Category
Featured
Created
2016 NBA Finals Statistical Leaders
8,391
4.24
Sports
Jun 20, 2016
Half Season Champions
8,212
4.74
Sports
Dec 28, 2016
Who wants to be a millionaire?
7,009
4.67
Miscellaneous
Sep 28, 2016
2015-2016 NBA Western Conference Standings
6,941
5.00
Sports
Oct 14, 2016
2015-2016 NBA Eastern Conference Standings
6,307
2.57
Sports
Oct 14, 2016
Go to Creator's Profile
Score Distribution
Quiz Creator Spotlight
NankerPhelge62
Follow
Send a Message
Quizzes Created
-
Created Quiz Play Count
-
More By This Creator
Popular Quizzes Today
1
Find the US States - No Outlines Minefield
2
The Countries of the World
3
Popular People in 1961
4
Find the Countries of Europe - No Outlines Minefield
5
1-10 Letter E Words III
6
Find the US States
7
One Thing in Common: World Cities II
8
US States
More Sports Quizzes
30 HR MLB Teammates (2000s)
Published
Trending Quizzes
1-10 Letter F Words
One Thing in Common: Music
1-10 Letter G Words
Risky Map Clicking: Next State Alphabetically
1-10 Letter F Words II
Recently Updated
Leaping Animals
pecheneg
Reality TV Shows (A-Z)
bhenderson79
Rickey Henderson's Hall of Fame Teammates
pecheneg
Champions League XIs: Arsenal
pecheneg
Quick Pick: Celebrities in WWE's Hall of Fame
aduchscher
A-Z Keypad Blitz II
pecheneg
Multiple Oscar Actors
pecheneg
Mystery Phrase Blitz: Oscar 'Best Actors'
pecheneg
F. Scott Fitzgerald Novels
LTH
Pick 3 Villains
ddd62291
Trending Topics
Disney
Anime
Crossword
Marvel
Kpop
Harry Potter
NBA
NFL
The Office
Soccer
Song
Puzzle
Country
Pokémon
WWE
Your Account Isn't Verified!
In order to create a playlist on Sporcle, you need to verify the email address you used during registration. Go to your
Sporcle Settings
to finish the process.
Report this User
Report this user for behavior that violates our
Community Guidelines
.
Details:
Send Report
Go to the Sporcle.com Mobile Site →
Comments